[Event "Tbilisi Municipality Cup "]
[Site "?"]
[Date "2009.06.15"]
[Round "1.1"]
[White "Jobava Baadur"]
[Black "Hajiyev Shahin Qabil ogl"]
[Result "1-0"]
[WhiteElo "2687"]
[BlackElo "2066"]
[PlyCount "79"]
[EventDate "2009.??.??"]

1. e4 c5 2. Nf3 d6 3. d4 cxd4 4. Nxd4 Nf6 5. Nc3 a6 6. Bc4 e6 7. a3 Be7 8. Ba2
Qc7 9. O-O Nc6 10. Be3 O-O 11. Qe2 Nxd4 12. Bxd4 b5 13. Rad1 Bb7 14. Rd3 e5 15.
Be3 h6 16. f4 Rac8 17. f5 a5 18. Rf2 b4 19. axb4 axb4 20. Nd5 Bxd5 21. Bxd5 Qa5
22. Rf1 Rc7 23. Bb3 Qa8 24. Bb6 Rc6 25. Bf2 Rc7 26. Re1 Rb8 27. g4 Qa6 28. h4
Nh7 29. Kg2 Rb5 30. Rd5 Ra5 31. Qxa6 Rxa6 32. Rb5 Nf6 33. g5 hxg5 34. hxg5 Nh5
35. Rb8+ Kh7 36. Bxf7 Nf4+ 37. Kf3 Bxg5 38. Bg8+ Kh6 39. Rh1+ Nh5 40. Bf7 1-0

[Event "Tbilisi Municipality Cup "]
[Site "?"]
[Date "2009.06.15"]
[Round "1.2"]
[White "Meskhi Teona"]
[Black "Pashikian Arman"]
[Result "0-1"]
[WhiteElo "2065"]
[BlackElo "2655"]
[PlyCount "134"]
[EventDate "2009.??.??"]

1. d4 Nf6 2. c4 e6 3. Nc3 Bb4 4. Qc2 d5 5. cxd5 exd5 6. Bg5 c5 7. Nf3 O-O 8. e3
cxd4 9. Nxd4 Nc6 10. Rd1 h6 11. Bh4 Be6 12. Be2 Rc8 13. O-O Nxd4 14. Rxd4 Bxc3
15. bxc3 g5 16. Bg3 Ne4 17. c4 b5 18. c5 Rxc5 19. Qb2 Qa5 20. f4 Nxg3 21. hxg3
f5 22. g4 fxg4 23. fxg5 Rxf1+ 24. Kxf1 hxg5 25. Bxg4 Bf7 26. Be2 Qc7 27. Rg4
Qe7 28. Qd4 Rc1+ 29. Kf2 Be6 30. Rg3 Rc2 31. Qd3 Rxa2 32. Qg6+ Kf8 33. Rf3+ Bf7
34. Qh6+ Ke8 35. Qc6+ Kd8 36. Qxb5 Kc7 37. Qb3 Ra3 38. Qc2+ Kd8 39. Qh7 g4 40.
Qh8+ Kd7 41. Rg3 Be6 42. Qd4 Ra2 43. Kf1 Qf8+ 44. Ke1 Qb8 45. Qg7+ Kd6 46. Qd4
Qb1+ 47. Kf2 Qb2 48. Qd3 Qf6+ 49. Kg1 Ra1+ 50. Bf1 Bc8 51. e4 d4 52. Qc4 Ba6
53. Qd5+ Ke7 54. Qc5+ Ke8 55. Qh5+ Kd8 56. Qd5+ Ke7 57. Qc5+ Qd6 58. Qg5+ Kf8
59. Qf5+ Ke8 60. Qh5+ Kd8 61. Qh8+ Kc7 62. Rc3+ Kb6 63. Rb3+ Ka5 64. Qh5+ Ka4
65. e5 Rxf1+ 66. Kh2 Qe6 67. Rb2 Rf5 0-1

[Event "Tbilisi Municipality Cup "]
[Site "?"]
[Date "2009.06.15"]
[Round "1.3"]
[White "Kobalia Mikhail"]
[Black "Mzhavia Kristine"]
[Result "1-0"]
[WhiteElo "2645"]
[BlackElo "2056"]
[PlyCount "101"]
[EventDate "2009.??.??"]

1. e4 e6 2. d4 d5 3. Nd2 dxe4 4. Nxe4 Bd7 5. Bd3 Bc6 6. Nf3 Nd7 7. O-O Ngf6 8.
Ng3 Bxf3 9. Qxf3 c6 10. c3 Be7 11. Be3 O-O 12. Rad1 Qc7 13. Rfe1 c5 14. Bf4 Qb6
15. Nf5 exf5 16. Rxe7 Rae8 17. Rxe8 Rxe8 18. Bxf5 Qxb2 19. g4 cxd4 20. cxd4 Nb6
21. d5 g6 22. Bb1 Nfxd5 23. Bd2 Qf6 24. Be4 Qd4 25. Bc2 Nf6 26. h3 Nfd5 27. a4
Qf6 28. Qxf6 Nxf6 29. a5 Nbd5 30. Bb3 Nc7 31. Bc3 Ne4 32. Rd7 Ne6 33. Bxe6 fxe6
34. Bd4 b6 35. a6 e5 36. Be3 Ra8 37. Kf1 Nf6 38. Rb7 Nd5 39. Bd2 h5 40. g5 Kf8
41. Ke2 Rc8 42. Rxa7 Nc7 43. Be3 b5 44. Bd2 Ke7 45. Rb7 Kd6 46. a7 Ra8 47. Be3
Kc6 48. Rb8 b4 49. Bb6 b3 50. Bxc7 Rxa7 51. Bxe5 1-0

[Event "Tbilisi Municipality Cup "]
[Site "?"]
[Date "2009.06.15"]
[Round "1.4"]
[White "Khelaia Giorgi"]
[Black "Gagunashvili Merab"]
[Result "0-1"]
[WhiteElo "2056"]
[BlackElo "2591"]
[PlyCount "84"]
[EventDate "2009.??.??"]

1. c4 e5 2. Nc3 Nf6 3. Nf3 Nc6 4. a3 d5 5. cxd5 Nxd5 6. Qc2 Nde7 7. e3 g6 8.
Be2 Bg7 9. O-O O-O 10. b4 a6 11. Bb2 h6 12. Rfd1 f5 13. b5 axb5 14. Nxb5 Be6
15. d4 e4 16. Ne5 Bd5 17. Bc4 Rc8 18. Bxd5+ Qxd5 19. Nc3 Qe6 20. Nxc6 Qxc6 21.
Qb3+ Kh7 22. Rac1 Rfd8 23. Ne2 Qd5 24. Qc2 Qf7 25. a4 Nd5 26. Qb3 Ra8 27. Ba3
c6 28. g3 Qc7 29. Nf4 Nxf4 30. gxf4 Ra5 31. d5 Qf7 32. Rb1 b5 33. axb5 Rxb5 34.
Qc2 Rxb1 35. Rxb1 Qxd5 36. Rb7 Rd7 37. Rxd7 Qxd7 38. Bb2 Bxb2 39. Qxb2 c5 40.
Qc3 Qd6 41. Kg2 Kg8 42. h4 h5 0-1

[Event "Tbilisi Municipality Cup "]
[Site "?"]
[Date "2009.06.15"]
[Round "1.5"]
[White "Mchedlishvili Mikheil"]
[Black "Beridze Tinatin"]
[Result "1-0"]
[WhiteElo "2586"]
[BlackElo "2054"]
[PlyCount "71"]
[EventDate "2009.??.??"]

1. d4 Nf6 2. c4 c5 3. d5 e6 4. Nf3 exd5 5. cxd5 Bd6 6. g3 Bc7 7. d6 Ba5+ 8. Nc3
Nc6 9. Bg2 Ne4 10. Qd3 Nxc3 11. bxc3 Qf6 12. O-O h6 13. Bd2 O-O 14. e4 Re8 15.
Rfe1 c4 16. Qd5 Ne5 17. Nd4 Bb6 18. f4 Nc6 19. e5 Qe6 20. Qe4 f5 21. Qe3 Qf7
22. Rab1 Bc5 23. Qf2 Rb8 24. Be3 Bxd4 25. cxd4 b6 26. d5 Nd8 27. Qc2 Ba6 28.
Qa4 Bb7 29. Qxc4 Rc8 30. Qd3 g5 31. Rbc1 gxf4 32. Bxf4 Rxc1 33. Rxc1 Qg6 34.
Rc7 Qf7 35. e6 Qf6 36. e7 1-0

[Event "Tbilisi Municipality Cup "]
[Site "?"]
[Date "2009.06.15"]
[Round "1.6"]
[White "Sirbiladze Demuri"]
[Black "Pantsulaia Levan"]
[Result "0-1"]
[WhiteElo "2046"]
[BlackElo "2581"]
[PlyCount "102"]
[EventDate "2009.??.??"]

1. e4 c5 2. Nf3 e6 3. d4 cxd4 4. Nxd4 a6 5. Bd3 b5 6. O-O Qb6 7. Nb3 Qc7 8. Nc3
Bb7 9. Be3 Nf6 10. a3 d6 11. f4 Nbd7 12. Kh1 Be7 13. Qe1 O-O 14. Qg3 Rfe8 15.
Rae1 Bf8 16. Nd4 Nc5 17. Bd2 g6 18. f5 Bg7 19. Nf3 exf5 20. exf5 Nxd3 21. Rxe8+
Rxe8 22. cxd3 Qd7 23. fxg6 hxg6 24. Ng5 Nh5 25. Qf2 f5 26. d4 Nf6 27. Qh4 Qc6
28. Nf3 Qc4 29. Re1 Bxf3 30. gxf3 Rxe1+ 31. Qxe1 Qxd4 32. Kg2 Kf7 33. Be3 Qd3
34. Qd2 Qxd2+ 35. Bxd2 Ke6 36. Kf2 Nd5 37. Nd1 Be5 38. h3 Nf4 39. Bxf4 Bxf4 40.
Ke2 Bc1 41. Kd3 Ke5 42. Kc2 Bg5 43. Kd3 Kf4 44. Ke2 Bf6 45. b3 Bd4 46. Kd3 Bc5
47. b4 Bb6 48. Ke2 Bd4 49. Kd3 Be5 50. Ke2 Kg3 51. Ke3 g5 0-1

[Event "Tbilisi Municipality Cup "]
[Site "?"]
[Date "2009.06.15"]
[Round "1.7"]
[White "Sanikidze Tornike"]
[Black "Nidal Mustafa"]
[Result "1-0"]
[WhiteElo "2559"]
[BlackElo "2045"]
[PlyCount "87"]
[EventDate "2009.??.??"]

1. d4 d5 2. Nf3 Nf6 3. c4 c6 4. Nc3 e6 5. e3 Bb4 6. Bd3 dxc4 7. Bxc4 b5 8. Bd3
Bb7 9. O-O O-O 10. e4 h6 11. Qe2 Bxc3 12. bxc3 Nbd7 13. e5 Nd5 14. Qe4 f5 15.
exf6 Qxf6 16. Ba3 b4 17. Bxb4 Nxb4 18. cxb4 Rab8 19. Ne5 Nxe5 20. dxe5 Qf5 21.
Qxf5 exf5 22. Rfd1 Bc8 23. Bc4+ Kh7 24. a3 Re8 25. f4 Be6 26. Rac1 Rb7 27. Rd6
Bxc4 28. Rxc4 Ree7 29. h3 h5 30. Rcxc6 Kh8 31. Kf2 h4 32. Ke3 a5 33. bxa5 Rb3+
34. Rd3 Rb2 35. Kf3 Rb5 36. a6 Ra7 37. e6 Re7 38. Rd7 Rb3+ 39. Kf2 Rb2+ 40. Kg1
Re8 41. e7 Re2 42. a7 Kg8 43. Rd8 R2xe7 44. a8=Q 1-0

[Event "Tbilisi Municipality Cup "]
[Site "?"]
[Date "2009.06.15"]
[Round "1.8"]
[White "Jalabadze Natia"]
[Black "Kotanjian Tigran"]
[Result "0-1"]
[WhiteElo "2041"]
[BlackElo "2552"]
[PlyCount "82"]
[EventDate "2009.??.??"]

1. e4 c5 2. Nf3 d6 3. d4 cxd4 4. Nxd4 Nf6 5. Nc3 a6 6. Bc4 e6 7. O-O b5 8. Bb3
b4 9. Na4 Nxe4 10. Re1 d5 11. c4 bxc3 12. Nxc3 Nxc3 13. bxc3 Be7 14. Bf4 O-O
15. Bxb8 Rxb8 16. Nc6 Qc7 17. Nxb8 Qxb8 18. Rb1 Bc5 19. Bc2 Qc7 20. Qd3 g6 21.
Rb2 Rd8 22. Reb1 e5 23. Qe2 e4 24. Bb3 Qe5 25. Rd2 Be6 26. Rbd1 h5 27. h3 Bd6
28. g3 Bc5 29. Kh2 h4 30. Qf1 a5 31. Qg2 Kg7 32. Kh1 hxg3 33. Qxg3 Qh5 34. Kg2
a4 35. Bxa4 Bd6 36. Qe3 Rh8 37. Rh1 Qf5 38. Bd1 Bf4 39. Qd4+ Kg8 40. Bg4 Qg5
41. Rb2 Bxg4 0-1

[Event "Tbilisi Municipality Cup "]
[Site "?"]
[Date "2009.06.15"]
[Round "1.9"]
[White "Neverov Valeriy"]
[Black "Kerashvili Giorgi"]
[Result "1-0"]
[WhiteElo "2552"]
[BlackElo "2033"]
[PlyCount "45"]
[EventDate "2009.??.??"]

1. d4 Nf6 2. c4 e6 3. Nc3 d5 4. cxd5 exd5 5. Bg5 Be7 6. e3 c6 7. Bd3 Ne4 8. Bf4
Bf5 9. Bxe4 Bxe4 10. Nxe4 dxe4 11. Ne2 Nd7 12. Nc3 Bb4 13. O-O Bxc3 14. bxc3
Nb6 15. Qc2 Qd5 16. Rfb1 O-O-O 17. Rb4 Rhe8 18. c4 Qf5 19. Bg3 h5 20. Qb3 g5
21. Qa3 Nxc4 22. Qxa7 Na5 23. Qb8+ 1-0

[Event "Tbilisi Municipality Cup "]
[Site "?"]
[Date "2009.06.15"]
[Round "1.10"]
[White "Gurulishvili Shalva"]
[Black "Shengelia David"]
[Result "0-1"]
[WhiteElo "2013"]
[BlackElo "2549"]
[PlyCount "88"]
[EventDate "2009.??.??"]

1. d4 d5 2. Nf3 Nf6 3. c4 c6 4. Nbd2 g6 5. e3 Bg7 6. Bd3 O-O 7. b3 c5 8. Bb2
cxd4 9. exd4 Nc6 10. O-O Nh5 11. cxd5 Qxd5 12. Be4 Qd8 13. Bxc6 bxc6 14. Ne5
Qd5 15. Ndc4 Nf4 16. Ne3 Qe4 17. Qc2 Qxc2 18. Nxc2 Bb7 19. Rfd1 c5 20. dxc5
Bxg2 21. Ne3 Bh3 22. N5c4 Bxb2 23. Nxb2 Rfc8 24. b4 Rab8 25. a3 a5 26. Nd3 Nxd3
27. Rxd3 axb4 28. Nd5 Rxc5 29. axb4 Rxd5 30. Rxd5 Rxb4 31. Rd3 Bf5 32. Re3 e6
33. Ra7 Kg7 34. Rc3 g5 35. Kg2 h5 36. Rac7 Be4+ 37. f3 Bd5 38. Kg3 Kg6 39. Ra7
h4+ 40. Kf2 Rb2+ 41. Ke3 Rxh2 42. Rcc7 f6 43. Rg7+ Kf5 44. Rh7 Rh3 0-1

[Event "Tbilisi Municipality Cup "]
[Site "?"]
[Date "2009.06.15"]
[Round "1.11"]
[White "Dzagnidze Nana"]
[Black "Kabajian Vladimer"]
[Result "1-0"]
[WhiteElo "2541"]
[BlackElo "2011"]
[PlyCount "69"]
[EventDate "2009.??.??"]

1. d4 Nf6 2. c4 e6 3. Nf3 b6 4. Nc3 Bb4 5. Bg5 h6 6. Bh4 Bb7 7. e3 g5 8. Bg3
Ne4 9. Qc2 Bxc3+ 10. bxc3 d6 11. Bd3 f5 12. d5 exd5 13. cxd5 Bxd5 14. Nd4 Qf6
15. f3 Nxg3 16. hxg3 Nd7 17. Qa4 a6 18. Bxf5 b5 19. Qc2 c5 20. Ne2 Nb6 21. Kf2
Kd8 22. g4 Kc7 23. a4 Bc6 24. axb5 axb5 25. Be4 d5 26. Bd3 Kb7 27. e4 d4 28.
Rxa8 Nxa8 29. Rb1 Nc7 30. cxd4 cxd4 31. Rc1 Rd8 32. e5 Qe6 33. Be4 d3 34. Bxc6+
Kb8 35. Qc5 1-0

[Event "Tbilisi Municipality Cup "]
[Site "?"]
[Date "2009.06.15"]
[Round "1.12"]
[White "Gabunia Tornike"]
[Black "Jojua Davit"]
[Result "0-1"]
[WhiteElo "2008"]
[BlackElo "2520"]
[PlyCount "64"]
[EventDate "2009.??.??"]

1. d4 Nf6 2. c4 g6 3. Nc3 Bg7 4. e4 d6 5. Nf3 O-O 6. Be2 Nbd7 7. O-O e5 8. Be3
c6 9. dxe5 dxe5 10. b4 h6 11. Nd2 Qe7 12. c5 Rd8 13. Qc1 Nf8 14. Nc4 Kh7 15.
Rd1 Ng4 16. Rxd8 Qxd8 17. Nd6 Nxe3 18. Qxe3 Qe7 19. Bc4 Be6 20. Bxe6 Nxe6 21.
Ne2 a5 22. b5 cxb5 23. Nc3 Nd4 24. Rb1 Qc7 25. Ncxb5 Qxc5 26. Nxd4 exd4 27.
Nxb7 Qc2 28. Qb3 d3 29. Rd1 Rb8 30. Rxd3 Qc7 31. g3 Rxb7 32. Qd5 Rb1+ 0-1

[Event "Tbilisi Municipality Cup "]
[Site "?"]
[Date "2009.06.15"]
[Round "1.13"]
[White "Shanava Konstantine"]
[Black "Rizhamadze Patman"]
[Result "1-0"]
[WhiteElo "2506"]
[BlackElo "1991"]
[PlyCount "55"]
[EventDate "2009.??.??"]

1. e4 c6 2. d4 d5 3. exd5 cxd5 4. c4 Nf6 5. Nc3 e6 6. Nf3 Bb4 7. cxd5 Nxd5 8.
Bd2 O-O 9. Bd3 Nf6 10. O-O Bxc3 11. bxc3 b6 12. Bg5 Bb7 13. Re1 Nc6 14. Re3 Rc8
15. Qe2 Kh8 16. Rd1 Qc7 17. Bxf6 gxf6 18. d5 Ne7 19. dxe6 Nd5 20. e7 Rfe8 21.
Bf5 Rb8 22. Rxd5 Bxd5 23. Nd4 Rg8 24. e8=Q Rbxe8 25. Rxe8 Qxc3 26. Rxg8+ Kxg8
27. Nc2 Qb2 28. Qg4+ 1-0

[Event "Tbilisi Municipality Cup "]
[Site "?"]
[Date "2009.06.15"]
[Round "1.14"]
[White "Anakidze Nino"]
[Black "Harutjunyan Gevorg"]
[Result "0-1"]
[WhiteElo "1987"]
[BlackElo "2504"]
[PlyCount "70"]
[EventDate "2009.??.??"]

1. e4 c5 2. Nf3 e6 3. d4 cxd4 4. Nxd4 a6 5. Bd3 Bc5 6. Nb3 Be7 7. O-O d6 8. Nc3
Nf6 9. a4 b6 10. f4 Nbd7 11. Qe2 Qc7 12. Bd2 h5 13. Rae1 Bb7 14. Nd4 Qc5 15.
Be3 Ng4 16. Nb3 Qxe3+ 17. Qxe3 Nxe3 18. Rxe3 Bf6 19. Nd1 Bc6 20. a5 Ba4 21. Be2
bxa5 22. Rh3 Bxb3 23. cxb3 g6 24. Nc3 Nc5 25. Bf3 Bd4+ 26. Kh1 Rb8 27. Rd1 Bxc3
28. bxc3 Rxb3 29. Rxd6 Rb1+ 30. Rd1 Rxd1+ 31. Bxd1 Nxe4 32. Kg1 Ke7 33. Bc2 Nf6
34. Kf1 Rc8 35. Bb3 Ne4 0-1

[Event "Tbilisi Municipality Cup "]
[Site "?"]
[Date "2009.06.15"]
[Round "1.15"]
[White "Margvelashvili Giorgi"]
[Black "Ugulava Lela"]
[Result "1-0"]
[WhiteElo "2491"]
[BlackElo "1977"]
[PlyCount "77"]
[EventDate "2009.??.??"]

1. Nf3 d5 2. c4 e6 3. g3 Nf6 4. Bg2 c5 5. cxd5 exd5 6. d4 Nc6 7. O-O Ne4 8. Be3
c4 9. b3 cxb3 10. Qxb3 Be7 11. Nfd2 O-O 12. Nxe4 dxe4 13. Bxe4 Nxd4 14. Qd3 Bf6
15. Nc3 Nc6 16. Rac1 Qxd3 17. exd3 Be6 18. a3 Rfd8 19. Ne2 Bd5 20. Rb1 Bxe4 21.
dxe4 b6 22. Rfd1 Ne5 23. a4 Nc4 24. Bd4 Bxd4 25. Nxd4 Rd7 26. Nb5 Nd2 27. Rbc1
Rad8 28. Kg2 a6 29. Nc3 g6 30. Re1 Rd4 31. Rcd1 Kf8 32. Re2 Nb3 33. Rb1 Nc5 34.
Rxb6 Nxa4 35. Nxa4 Rxa4 36. Rb7 a5 37. Rc2 Rxe4 38. Rcc7 h5 39. Rxf7+ 1-0

[Event "Tbilisi Municipality Cup "]
[Site "?"]
[Date "2009.06.15"]
[Round "1.16"]
[White "Liparteliani Akaki"]
[Black "Maghalashvili David"]
[Result "0-1"]
[WhiteElo "1964"]
[BlackElo "2490"]
[PlyCount "64"]
[EventDate "2009.??.??"]

1. e4 c5 2. Nf3 d6 3. d4 cxd4 4. Nxd4 Nf6 5. Nc3 a6 6. Bg5 e6 7. f4 Nbd7 8. Qf3
Qc7 9. O-O-O Be7 10. g4 b5 11. Bxf6 Nxf6 12. g5 Nd7 13. Bh3 Nc5 14. Rhg1 b4 15.
Nce2 Bb7 16. Ng3 g6 17. Kb1 d5 18. e5 h6 19. Nh5 O-O-O 20. Nf6 hxg5 21. Rxg5
Kb8 22. Rg2 Bxf6 23. exf6 Rc8 24. Bg4 Ne4 25. a3 Qb6 26. axb4 Qxb4 27. Qb3 Qxb3
28. cxb3 Nxf6 29. Bxe6 fxe6 30. Rxg6 Ne4 31. Rxe6 Rxh2 32. Rc1 Nd2+ 0-1

[Event "Tbilisi Municipality Cup "]
[Site "?"]
[Date "2009.06.15"]
[Round "1.17"]
[White "Petrosian David G"]
[Black "Hajiyev Kanan"]
[Result "1/2-1/2"]
[WhiteElo "2490"]
[BlackElo "1960"]
[PlyCount "68"]
[EventDate "2009.??.??"]

1. e4 e5 2. Nf3 Nc6 3. d4 exd4 4. Nxd4 Nf6 5. Nxc6 bxc6 6. e5 Qe7 7. Qe2 Nd5 8.
c4 Ba6 9. b3 O-O-O 10. Bb2 Re8 11. Nd2 f6 12. Qe4 Nb6 13. c5 Bxf1 14. cxb6 Ba6
15. bxc7 fxe5 16. O-O-O Qb4 17. Nc4 Bxc4 18. bxc4 Kxc7 19. Rd3 Bc5 20. Rhd1 d6
21. R1d2 Qa4 22. Rf3 Rhf8 23. Rxf8 Rxf8 24. Bxe5 dxe5 25. Qxe5+ Kb6 26. Rb2+
Bb4 27. Qe7 Qa3 28. Qxb4+ Qxb4 29. Rxb4+ Kc5 30. Rb2 Kxc4 31. Rc2+ Kd3 32. Rd2+
Kc3 33. Rc2+ Kd3 34. Rd2+ Kc3 1/2-1/2

[Event "Tbilisi Municipality Cup "]
[Site "?"]
[Date "2009.06.15"]
[Round "1.18"]
[White "Olcum Ahmet"]
[Black "Rasulov Vugar"]
[Result "0-1"]
[WhiteElo "1940"]
[BlackElo "2488"]
[PlyCount "96"]
[EventDate "2009.??.??"]

1. e4 c5 2. Nc3 g6 3. g3 Bg7 4. Bg2 Nc6 5. d3 e6 6. f4 Nge7 7. Nf3 O-O 8. O-O
d5 9. e5 f6 10. exf6 Bxf6 11. Ne2 b5 12. c3 b4 13. Be3 Qa5 14. Qc2 Ba6 15. c4
Rad8 16. Nc1 dxc4 17. dxc4 Nf5 18. Nb3 Nxe3 19. Qe4 Qc7 20. Qxe6+ Kh8 21. Qxe3
Bxc4 22. Rfc1 Rfe8 23. Qxc5 Bxb3 24. Qxc6 Rd1+ 25. Kf2 Qxc6 26. Rxc6 Rxa1 27.
axb3 Bxb2 28. Bf1 Bc3 29. Kg2 Ra2+ 30. Kh3 Rf2 31. Bg2 Ree2 32. Nh4 Kg7 33.
Rc7+ Kh6 34. Bd5 Rxh2+ 35. Kg4 Bf6 36. Nf3 Rh5 37. Bc4 Re7 38. Rc6 Kg7 39. Rc8
h6 40. Rg8+ Kh7 41. Rf8 Bc3 42. Nh4 Rc5 43. Bd3 Kg7 44. Nxg6 Rd7 45. Be4 Rd4
46. Bb1 Rg5+ 47. Kh4 Rxg6 48. Ra8 Ra6 0-1

[Event "Tbilisi Municipality Cup "]
[Site "?"]
[Date "2009.06.15"]
[Round "1.19"]
[White "Kekelidze Mikheil"]
[Black "Pipia Beka"]
[Result "1-0"]
[WhiteElo "2468"]
[BlackElo "1939"]
[PlyCount "67"]
[EventDate "2009.??.??"]

1. d4 Nf6 2. c4 e6 3. Nf3 d5 4. Nc3 Nbd7 5. g3 Be7 6. Bg2 O-O 7. O-O c6 8. Nd2
b6 9. e4 dxe4 10. Ndxe4 Bb7 11. Bf4 Nxe4 12. Nxe4 Nf6 13. Qe2 Qd7 14. Rfd1 Rfd8
15. Rac1 Rac8 16. c5 h6 17. Nxf6+ Bxf6 18. b4 b5 19. a4 Ba6 20. Bd6 Qb7 21. a5
Qd7 22. Ra1 Be7 23. Be5 Re8 24. h4 Rcd8 25. h5 Bb7 26. Be4 Bf8 27. a6 Ba8 28.
Bc2 f6 29. Bf4 f5 30. Ra3 Qf7 31. Re3 g5 32. hxg6 Qxg6 33. Bb3 Bg7 34. Rxe6 1-0

[Event "Tbilisi Municipality Cup "]
[Site "?"]
[Date "2009.06.15"]
[Round "1.21"]
[White "Nigalidze Gaioz "]
[Black "Pertaia Enver"]
[Result "1-0"]
[WhiteElo "2466"]
[BlackElo "1934"]
[PlyCount "87"]
[EventDate "2009.??.??"]

1. d4 c5 2. d5 e6 3. c4 exd5 4. cxd5 d6 5. Nc3 g6 6. e4 Bg7 7. Nf3 Nf6 8. Qa4+
Bd7 9. Qb3 Bc8 10. Bd3 O-O 11. O-O a6 12. a4 Nbd7 13. Bf4 Qc7 14. h3 Re8 15.
Nd2 Ne5 16. Be2 h6 17. Be3 g5 18. f4 gxf4 19. Rxf4 Ng6 20. Rf2 Nd7 21. Raf1
Nde5 22. Nc4 Rf8 23. Nxe5 Nxe5 24. Qd1 Bd7 25. Qd2 Kh7 26. Rf6 Ng6 27. Bxh6
Bxh6 28. Rxf7+ Rxf7 29. Rxf7+ Kg8 30. Qxh6 Kxf7 31. Qh7+ Kf8 32. Bh5 Qd8 33.
Qh6+ Kg8 34. Qxg6+ Kh8 35. Qh6+ Kg8 36. Qg6+ Kh8 37. e5 Qg8 38. Qh6+ Qh7 39.
Qxh7+ Kxh7 40. e6 Be8 41. Bxe8 Rxe8 42. Ne4 Kg6 43. Nxd6 Re7 44. Ne4 1-0

[Event "Tbilisi Municipality Cup "]
[Site "?"]
[Date "2009.06.15"]
[Round "1.22"]
[White "Topuria Revaz"]
[Black "Supatashvili Khvicha"]
[Result "0-1"]
[WhiteElo "1934"]
[BlackElo "2464"]
[PlyCount "118"]
[EventDate "2009.??.??"]

1. d4 Nf6 2. Nf3 e6 3. Bg5 h6 4. Bh4 d6 5. Nbd2 g5 6. Bg3 Nh5 7. e4 Bg7 8. c3
Nd7 9. Bc4 a6 10. Qe2 Qe7 11. Bb3 b6 12. e5 Nxg3 13. hxg3 Bb7 14. exd6 cxd6 15.
Ne4 d5 16. Ned2 Qd6 17. Ba4 O-O-O 18. Bxd7+ Rxd7 19. Ne5 Rc7 20. f4 f6 21. Nd3
a5 22. O-O-O Ba6 23. fxg5 hxg5 24. Rxh8+ Bxh8 25. Qh5 Bg7 26. Qe8+ Kb7 27. Nf3
Re7 28. Qg8 Qxg3 29. Nfe1 Qb8 30. Qh7 Qh8 31. Qg6 Qh6 32. Qxh6 Bxh6 33. g4 Bf8
34. Rd2 Bb5 35. Rh2 Bg7 36. Kd2 Be8 37. Nc2 Bg6 38. Ne3 Re8 39. Rh3 Rh8 40.
Rxh8 Bxh8 41. Ke2 Bg7 42. Nf2 Bf8 43. Kf3 Kc6 44. Ke2 Bd6 45. Nd3 Be4 46. Nf2
Bb1 47. a3 Bf4 48. Nfd1 Kb5 49. b3 Kc6 50. c4 dxc4 51. bxc4 Ba2 52. Kd3 Bb3 53.
Nb2 b5 54. cxb5+ Kxb5 55. Ke4 Bd6 56. a4+ Bxa4 57. Nbc4 Bb4 58. Nxa5 Bxa5 59.
d5 Bb3 0-1

[Event "Tbilisi Municipality Cup "]
[Site "?"]
[Date "2009.06.15"]
[Round "1.23"]
[White "Javakhishvili Lela"]
[Black "Ahmadov Vusal"]
[Result "1-0"]
[WhiteElo "2468"]
[BlackElo "1928"]
[PlyCount "67"]
[EventDate "2009.??.??"]

1. d4 Nf6 2. Nf3 g6 3. Bg5 Bg7 4. Nbd2 d5 5. e3 Bf5 6. c4 c6 7. Qb3 Qb6 8. c5
Qxb3 9. axb3 Nbd7 10. h3 h6 11. Bf4 g5 12. Bh2 Ne4 13. b4 Nxd2 14. Kxd2 O-O 15.
b5 cxb5 16. Bxb5 a6 17. Bd3 Bxd3 18. Kxd3 Rfe8 19. b4 e5 20. Nxe5 Nxe5+ 21.
dxe5 Bxe5 22. Bxe5 Rxe5 23. b5 Kf8 24. Rhb1 Re4 25. c6 bxc6 26. bxa6 c5 27. Rb5
c4+ 28. Kc3 Ra7 29. Rb7 Re7 30. Rxa7 Rxa7 31. Kb4 Ke7 32. Kb5 Ra8 33. Kb6 Rb8+
34. Kc7 1-0

[Event "Tbilisi Municipality Cup "]
[Site "?"]
[Date "2009.06.15"]
[Round "1.24"]
[White "Tsereteli Kakhaber"]
[Black "Gaprindashvili Valeriane"]
[Result "0-1"]
[WhiteElo "1924"]
[BlackElo "2453"]
[PlyCount "88"]
[EventDate "2009.??.??"]

1. e4 d5 2. exd5 Nf6 3. d4 Nxd5 4. c4 Nb6 5. Nc3 g6 6. Be3 Bg7 7. Nf3 O-O 8.
Bd3 Bg4 9. h3 Bxf3 10. Qxf3 e5 11. d5 f5 12. Qe2 e4 13. Bc2 N6d7 14. O-O-O c5
15. Bf4 Ne5 16. Kb1 Nbd7 17. g4 Nf3 18. gxf5 gxf5 19. h4 Qb6 20. Na4 Qf6 21.
Nc3 a6 22. Rh3 b5 23. Bg5 Qe5 24. Rg3 Kh8 25. d6 Nd4 26. Qd2 Nb6 27. Bh6 Nxc4
28. Bxg7+ Qxg7 29. Qc1 Qe5 30. Rdg1 Nf3 31. Rd1 Rad8 32. Rd5 Qe6 33. Rxc5 Qxd6
34. Rd5 Qf6 35. Bb3 Ncd2+ 36. Ka1 Nxb3+ 37. axb3 Ne5 38. Qf4 Nd3 39. Qd2 b4 40.
Rxd8 Rxd8 41. Na4 Qxh4 42. Qc2 Qh1+ 43. Qb1 Qxb1+ 44. Kxb1 Nxf2 0-1

[Event "Tbilisi Municipality Cup "]
[Site "?"]
[Date "2009.06.15"]
[Round "1.25"]
[White "Benidze Davit"]
[Black "Kuchava Ana"]
[Result "1-0"]
[WhiteElo "2442"]
[BlackElo "1922"]
[PlyCount "89"]
[EventDate "2009.??.??"]

1. Nf3 d5 2. d4 Nf6 3. g3 e6 4. Bg2 Be7 5. O-O O-O 6. c4 dxc4 7. Qc2 a6 8. a4
Bd7 9. Ne5 Bc6 10. Nxc6 Nxc6 11. e3 Na5 12. Bd2 Nb3 13. Ra2 Nxd2 14. Nxd2 Nd5
15. Qxc4 c6 16. Nb3 a5 17. e4 Nb4 18. Raa1 Qb6 19. Rfd1 Rfd8 20. Rac1 Qa6 21.
Qxa6 Rxa6 22. Bf1 Raa8 23. Bc4 h6 24. Kg2 Rd7 25. f4 Bf6 26. h4 Rad8 27. Rd2 c5
28. Bb5 Rc7 29. Rxc5 Rxc5 30. Nxc5 Rxd4 31. Rxd4 Bxd4 32. Nxb7 Bb6 33. Kf3 Kf8
34. Nd6 Bc5 35. Nc4 Nd3 36. Nxa5 Nxb2 37. Ke2 Bb4 38. Nc6 Bc3 39. a5 Bxa5 40.
Nxa5 Ke7 41. e5 Kd8 42. Kd2 Kc7 43. Kc2 Kb6 44. Be8 Kxa5 45. Kxb2 1-0

[Event "Tbilisi Municipality Cup "]
[Site "?"]
[Date "2009.06.15"]
[Round "1.26"]
[White "Lomidze Giorgi"]
[Black "Sulashvili Malkhaz"]
[Result "0-1"]
[WhiteElo "1922"]
[BlackElo "2442"]
[PlyCount "144"]
[EventDate "2009.??.??"]

1. e4 c6 2. d4 d5 3. Nc3 dxe4 4. Nxe4 Bf5 5. Ng3 Bg6 6. Nf3 Nd7 7. Bd3 e6 8.
O-O Ngf6 9. c4 Be7 10. b3 O-O 11. Bb2 a5 12. Bxg6 hxg6 13. Qc2 Qc7 14. Rad1 a4
15. Bc3 b5 16. Rfe1 axb3 17. axb3 bxc4 18. bxc4 Rfb8 19. Ra1 Rxa1 20. Rxa1 Qb7
21. h3 c5 22. Ne5 Rc8 23. Nxd7 Nxd7 24. Rc1 Qa6 25. Bb2 cxd4 26. Bxd4 Bg5 27.
Be3 Bxe3 28. fxe3 Ne5 29. c5 Nd3 30. Rd1 Nb4 31. Qd2 Qa3 32. Kh2 Nd5 33. e4 Nf6
34. e5 Nd5 35. Ne4 Rb8 36. Qg5 Qa4 37. Rb1 Qa8 38. Nd6 Rf8 39. Rc1 Qc6 40. Qd2
Ne7 41. Qb4 Qd5 42. Qe4 Qxe4 43. Nxe4 Rc8 44. Nd6 Rc7 45. Kg3 Nc6 46. Kf4 Nd4
47. Rc4 Nb3 48. Ne4 Kf8 49. Rc3 Nd4 50. Rd3 Nc6 51. Rb3 Ke7 52. Nf2 f6 53. Nd3
g5+ 54. Ke4 f5+ 55. Ke3 Ra7 56. g3 Kd8 57. Nb4 Kc7 58. Nxc6 Kxc6 59. Rd3 Kxc5
60. Rd6 Ra3+ 61. Kf2 f4 62. gxf4 gxf4 63. h4 Rb3 64. h5 Rg3 65. Rd7 Rh3 66.
Rxg7 Kd5 67. h6 Rxh6 68. Kf3 Kxe5 69. Rg5+ Kf6 70. Kxf4 Rh4+ 71. Rg4 Rxg4+ 72.
Kxg4 Ke5 0-1

[Event "Tbilisi Municipality Cup "]
[Site "?"]
[Date "2009.06.15"]
[Round "1.27"]
[White "Melia Salome"]
[Black "Khurtsidze Tornike"]
[Result "1-0"]
[WhiteElo "2440"]
[BlackElo "1921"]
[PlyCount "51"]
[EventDate "2009.??.??"]

1. e4 c5 2. Nf3 d6 3. d4 cxd4 4. Nxd4 Nf6 5. Nc3 Nc6 6. Bg5 e6 7. Qd2 Be7 8.
O-O-O Qa5 9. Nb3 Qb6 10. Be3 Qd8 11. f3 O-O 12. g4 a6 13. g5 Nd7 14. h4 b5 15.
h5 Nde5 16. f4 Nc4 17. Bxc4 bxc4 18. Nd4 Nxd4 19. Qxd4 Qa5 20. h6 e5 21. Qd5
Qxd5 22. Nxd5 Bd8 23. hxg7 Kxg7 24. fxe5 Bg4 25. Rdg1 Bf3 26. Rh4 1-0

[Event "Tbilisi Municipality Cup "]
[Site "?"]
[Date "2009.06.15"]
[Round "1.28"]
[White "Kumsiashvili Nikoloz"]
[Black "Azaladze Shota"]
[Result "0-1"]
[WhiteElo "1910"]
[BlackElo "2434"]
[PlyCount "70"]
[EventDate "2009.??.??"]

1. d4 g6 2. c4 Bg7 3. Nc3 c5 4. d5 Bxc3+ 5. bxc3 f5 6. Nf3 Qa5 7. Qc2 Nf6 8.
Bf4 d6 9. e3 Nbd7 10. Bd3 Nb6 11. O-O Qa4 12. Qb3 Bd7 13. Rfe1 O-O-O 14. Nd2
Qa6 15. Qc2 e5 16. Bg5 Ba4 17. Qb2 Rdf8 18. Bxf6 Rxf6 19. e4 f4 20. Nf3 h6 21.
Qe2 g5 22. h3 Qa5 23. Rec1 Rg6 24. Nh2 h5 25. f3 Bd7 26. Kf2 g4 27. fxg4 hxg4
28. Nxg4 Rhg8 29. Qc2 Bxg4 30. hxg4 Rxg4 31. Rg1 Rg3 32. Rac1 Na4 33. Qd2 Qd8
34. Bf1 Qh4 35. Be2 Rxg2+ 0-1